Popolo, fascismo, monarchia. (Record no. 2100)

MARC details
000 -LEADER
fixed length control field 00629cam a22002291 4500
001 - CONTROL NUMBER
control field af 47003269
003 - CONTROL NUMBER IDENTIFIER
control field DLC
005 - DATE AND TIME OF LATEST TRANSACTION
control field 20260227110819.0
008 - FIXED-LENGTH DATA ELEMENTS--GENERAL INFORMATION
fixed length control field 880825s1945 it 000 0 ita
010 ## - LIBRARY OF CONGRESS CONTROL NUMBER
LC control number af 47003269
035 ## - SYSTEM CONTROL NUMBER
System control number (OCoLC)18401911
040 ## - CATALOGING SOURCE
Original cataloging agency DLC
Transcribing agency OrPS
Modifying agency DLC
042 ## - AUTHENTICATION CODE
Authentication code premarc
043 ## - GEOGRAPHIC AREA CODE
Geographic area code e-it---
050 00 - LIBRARY OF CONGRESS CALL NUMBER
Classification number DG571
Item number .M25
100 1# - MAIN ENTRY--PERSONAL NAME
Personal name Malacoda, Secondo.
245 10 - TITLE STATEMENT
Title Popolo, fascismo, monarchia.
260 ## - PUBLICATION, DISTRIBUTION, ETC.
Place of publication, distribution, etc. Roma
Name of publisher, distributor, etc. [Edizioni della Bussola]
Date of publication, distribution, etc. 1945.
300 ## - PHYSICAL DESCRIPTION
Extent 1 p.l., 5-187 p., 1 l.
Dimensions 18 cm.
651 #0 - SUBJECT ADDED ENTRY--GEOGRAPHIC NAME
Geographic name Italy
General subdivision Politics and government
Chronological subdivision 1922-1945.
650 #0 - SUBJECT ADDED ENTRY--TOPICAL TERM
Topical term or geographic name entry element World War, 1939-1945
Geographic subdivision Italy.

No items available.

Powered by Koha